000 00712nam a22002177a 4500
010 _aA-897001
020 _c550.00
035 _aA-897001
037 _bCen Lib / Ret
040 _aDPL
_bEn
082 _a343.04
_bTAX
245 _aTaxations yearbook & digest 1998 /
_cedited by O. C. Tandon
260 _aNew Delhi
_bTaxation
_c1998
270 _a174, Jor Bagh
_bNew Delhi
_e110003
300 _a426p
_bill ;
_c27cm(Hb)
650 _aTaxation -- Law and legislation -- India.
_918097
650 _aTaxation -- Law and legislation -- India -- Digests.
_9141564
650 _aTaxation -- Law and legislation.
_916222
700 _aTandon, O. C.
_9141828
942 _2ddc
_cEN
_h343.04
_mTAX
999 _c136308
_d136308